Corpus-assisted discourse studies on Iraq conflict : wording the war
Αποθηκεύτηκε σε:
| Άλλοι συγγραφείς: | , |
|---|---|
| Μορφή: | Βιβλίο |
| Γλώσσα: | English |
| Δημοσίευση: |
New York; London :
Routledge,
2009
|
| Σειρά: | Routledge advances in corpus linguistics
|
| Θέματα: | |
| Ετικέτες: |
Προσθήκη ετικέτας
Δεν υπάρχουν, Καταχωρήστε ετικέτα πρώτοι!
|
MARC
| LEADER | 00000cam a2200000 i 4500 | ||
|---|---|---|---|
| 001 | 1/57537 | ||
| 008 | 141006s2009 eng d | ||
| 020 | |a 978-0-415-87137-2 (hbk.) | ||
| 035 | |l 10119367 | ||
| 040 | |a GR-MY-UA |b gre |e aacr | ||
| 041 | 0 | |a eng | |
| 082 | 0 | |a 401.41 |2 (23) | |
| 245 | 0 | 0 | |a Corpus-assisted discourse studies on Iraq conflict : |b wording the war / |c επιμέλεια: John Morley και Paul Bayley |
| 260 | |a New York; London : |b Routledge, |c 2009 | ||
| 300 | |a xiii, 334 σ.; |c 23 εκ. | ||
| 490 | 1 | |a Routledge advances in corpus linguistics | |
| 504 | |a Βιβλιογραφία: σ. [305]-319 | ||
| 504 | |a Ευρετήριο: σ. [325]-334 | ||
| 650 | 0 | 0 | |a Discourse analysis |x Political aspects. |
| 650 | 0 | 0 | |a Corpora (Linguistics) |
| 650 | 0 | |a Iraq War, 2003-2011 |x Language. | |
| 700 | 1 | |a Morley, John, |d 1940 December 17- |4 edt | |
| 700 | 1 | |a Bayley, Paul. |4 edt | |
| 830 | 0 | |a Routledge advances in corpus linguistics | |
| 852 | |a INST |b RHODES |e 20141006 |h 401.41 COR |p 005400036963 |q 005400036963 |t BK |y 0 | ||
| 901 | |a BIBL4-2014-3 | ||
| 922 | |a 4ΕΛΗ |b 201405 |c ΤΑΚ/ΤΜΣ |d ΔΙΑΔΡΟΜΕΣ | ||
| 970 | |z 2014/10/06 | ||